MARC

LEADER 00000nam0a2200000 4500
001 101507
005 20231101214354.0
020 |a RU  |b 87-46384 
035 |a (RuTPU)RU\TPU\book\109425 
090 |a 101507 
100 |a 20060912d1986 k a0rusy5003 ca 
101 0 |a rus 
102 |a RU 
105 |a a z 001zy 
200 1 |a Технология и экология производства сульфитных солей и фосфорсодержащих продуктов  |e сборник научных трудов  |f Ленинградский государственный научно-исследовательский и проектный институт основной химической промышленности  |g под ред. В. И. Валовня  
210 |a Ленинград  |c Ленниигипрохим  |d 1986 
215 |a 153 с.  |c ил.  |d 20 см 
320 |a Библиогр. в конце ст. 
610 1 |a химическая технология 
610 1 |a неорганические вещества 
610 1 |a сборники 
610 1 |a сульфаты 
610 1 |a производство 
610 1 |a фосфорсодержащие продукты 
675 |a 661.24  |z rus 
675 |a 661.63  |z rus 
702 1 |a Валовень  |b В. И.  |g Вадим Иванович  |4 340 
712 0 2 |a Ленинградский государственный научно-исследовательский и проектный институт основной химической промышленности  |9 24423 
801 0 |a RU  |b RuMRKP  |c 19960705  |g psbo 
801 1 |a RU  |b 63413507  |c 20060912  |g PSBO 
801 2 |a RU  |b 63413507  |c 20190620  |g PSBO 
942 |c BK